00000000nam##2200000za#4500
0019.549050
003CaOODSP
00520250128131606
007ta
008150406|2009||||xxc|||||     f|0| 0 eng|d
020 |a978-0-660-64519-3
040 |aCaOODSP|beng
041 |aeng
041 |afre
043 |an-cn---
0861 |aFs73-2010/7
1102 |aCanadian Hydrographic Service.
24510|aQueen Charlotte Sound to Dixon Entrance
260 |aOttawa - Ontario : |bFisheries and Oceans Canada. |cc2010.
300 |a83p. : |bgraphs, tables, index ; |c28 cm.
4901 |aCanadian tide and current tables, 2010 |vVol. 7
563 |aSoftcover
590 |a10-02|b2010-01-15
69007|aTides|2gcpds
7760#|tCanadian tide and current tables 2010. |w(CaOODSP)9.947458
792 |tQueen Charlotte Sound à Dixon Entrance |efre|w(CaOODSP)9.549051
830#0|aCanadian tide and current tables, 2010 ;|vVol. 7|w(CaOODSP)9.511678